[Event "Irena Warakomska Memorial 2019"]
[Site "Suwalki"]
[Date "2019.08.08"]
[Round "5"]
[White "Chan, Kim Yew"]
[Black "Leskiewicz, Ignacy"]
[Result "1-0"]
[Board "44"]
[WhiteElo "2276"]
[WhiteCountry "MAS"]
[WhiteFideId "5717981"]
[WhiteEloChange "6"]
[BlackElo "2146"]
[BlackCountry "POL"]
[BlackFideId "1185870"]
[BlackEloChange "-6"]

1. b3 {[%clk 1:30:59]} e5 {[%clk 1:30:37]} 2. Bb2 {[%clk 1:31:25]} Nc6 {[%clk
1:31:00]} 3. e3 {[%clk 1:31:51]} g6 {[%clk 1:29:44]} 4. Nf3 {[%clk 1:30:59]} Bg7
{[%clk 1:30:06]} 5. c4 {[%clk 1:30:09]} Nge7 {[%clk 1:29:51]} 6. Be2 {[%clk
1:28:19]} O-O {[%clk 1:26:24]} 7. d4 {[%clk 1:26:04]} d6 {[%clk 1:14:40]} 8. dxe5
{[%clk 1:17:14]} Nxe5 {[%clk 1:10:19]} 9. Nc3 {[%clk 1:17:24]} Bd7 {[%clk
0:50:19]} 10. O-O {[%clk 1:16:11]} Nf5 {[%clk 0:42:21]} 11. Qc2 {[%clk 1:05:28]}
Re8 {[%clk 0:40:56]} 12. Rfd1 {[%clk 1:04:08]} Bc6 {[%clk 0:29:05]} 13. Nd5
{[%clk 1:03:12]} Bxd5 {[%clk 0:23:44]} 14. Rxd5 {[%clk 1:00:09]} Nxf3+ {[%clk
0:18:23]} 15. Bxf3 {[%clk 1:00:33]} c6 {[%clk 0:17:39]} 16. Rd2 {[%clk 0:59:10]}
Bxb2 {[%clk 0:15:28]} 17. Qxb2 {[%clk 0:59:35]} Qe7 {[%clk 0:13:54]} 18. Rad1
{[%clk 0:54:00]} Rad8 {[%clk 0:12:58]} 19. g3 {[%clk 0:53:14]} c5 {[%clk
0:12:06]} 20. Rd5 {[%clk 0:52:11]} h5 {[%clk 0:09:14]} 21. R1d3 {[%clk 0:48:47]}
Qe6 {[%clk 0:07:33]} 22. Qd2 {[%clk 0:45:41]} Qf6 {[%clk 0:07:32]} 23. Qd1 {[%clk
0:44:18]} b6 {[%clk 0:07:03]} 24. Rd2 {[%clk 0:38:26]} Re6 {[%clk 0:05:28]} 25.
Bg2 {[%clk 0:35:10]} Re5 {[%clk 0:02:19]} 26. R5d3 {[%clk 0:33:27]} Rde8 {[%clk
0:02:49]} 27. Bh3 {[%clk 0:32:10]} h4 {[%clk 0:01:09]} 28. Qf3 {[%clk 0:25:44]}
hxg3 {[%clk 0:01:18]} 29. hxg3 {[%clk 0:26:02]} Kg7 {[%clk 0:01:22]} 30. Rd5
{[%clk 0:17:18]} Rxd5 {[%clk 0:00:44]} 31. Rxd5 {[%clk 0:16:53]} Re5 {[%clk
0:01:14]} 32. Rd1 {[%clk 0:14:10]} Qe6 {[%clk 0:00:47]} 33. Kg2 {[%clk 0:07:38]}
a6 {[%clk 0:00:49]} 34. Qc6 {[%clk 0:06:51]} b5 {[%clk 0:00:45]} 35. cxb5 {[%clk
0:06:24]} axb5 {[%clk 0:01:14]} 36. Qxb5 {[%clk 0:05:32]} Qf6 {[%clk 0:01:05]}
37. Bxf5 {[%clk 0:04:15]} Qxf5 {[%clk 0:01:07]} 38. Qd3 {[%clk 0:02:26]} Qg4
{[%clk 0:00:53]} 39. Rh1 {[%clk 0:02:40]} d5 {[%clk 0:00:42]} 40. Rh4 {[%clk
0:32:29]} Qe6 {[%clk 0:30:49]} 41. a4 {[%clk 0:28:14]} Qc6 {[%clk 0:24:36]} 42.
Kh2 {[%clk 0:26:35]} Rf5 {[%clk 0:21:50]} 43. Kg1 {[%clk 0:24:06]} Qf6 {[%clk
0:21:05]} 44. Qc2 {[%clk 0:17:12]} g5 {[%clk 0:08:04]} 45. Rh5 {[%clk 0:14:37]}
c4 {[%clk 0:06:10]} 46. bxc4 {[%clk 0:12:01]} dxc4 {[%clk 0:06:39]} 47. Qxc4
{[%clk 0:11:50]} Qa1+ {[%clk 0:04:44]} 48. Kg2 {[%clk 0:11:13]} Qd1 {[%clk
0:05:12]} 49. Qd4+ {[%clk 0:09:48]} Qxd4 {[%clk 0:05:40]} 50. exd4 {[%clk
0:10:13]} Ra5 {[%clk 0:05:20]} 51. d5 {[%clk 0:03:59]} Kg6 {[%clk 0:03:04]} 52.
Rh1 {[%clk 0:04:27]} Rxd5 {[%clk 0:02:41]} 53. Ra1 {[%clk 0:04:49]} Ra5 {[%clk
0:03:07]} 54. Kf3 {[%clk 0:04:33]} Kf5 {[%clk 0:03:36]} 55. Ra2 {[%clk 0:04:35]}
f6 {[%clk 0:03:40]} 56. Ra3 {[%clk 0:04:27]} g4+ {[%clk 0:03:18]} 57. Ke3 {[%clk
0:04:50]} Ke5 {[%clk 0:03:38]} 58. Ra2 {[%clk 0:05:03]} Kf5 {[%clk 0:03:28]} 59.
Kd4 {[%clk 0:05:23]} Kg5 {[%clk 0:03:42]} 60. Kc4 {[%clk 0:05:34]} f5 {[%clk
0:03:26]} 61. Kb4 {[%clk 0:06:02]} Rd5 {[%clk 0:02:47]} 62. a5 {[%clk 0:06:14]}
f4 {[%clk 0:02:59]} 63. a6 {[%clk 0:05:32]} fxg3 {[%clk 0:03:12]} 64. fxg3 {[%clk
0:05:55]} Rd8 {[%clk 0:03:04]} 65. a7 {[%clk 0:06:01]} Ra8 {[%clk 0:03:31]} 66.
Ra5+ {[%clk 0:06:23]} Kf6 {[%clk 0:03:56]} 67. Kb5 {[%clk 0:06:37]} Ke5 {[%clk
0:03:36]} 68. Ra4 {[%clk 0:06:51]} Kf5 {[%clk 0:02:47]} 69. Kb6 {[%clk 0:07:05]}
Rg8 {[%clk 0:02:59]} 70. a8Q {[%clk 0:07:16]} Rxa8 {[%clk 0:03:27]} 71. Rxa8
{[%clk 0:07:39]} Ke4 {[%clk 0:03:52]} 72. Rf8 {[%clk 0:08:04]} 1-0

[Event "Irena Warakomska Memorial 2019"]
[Site "Suwalki"]
[Date "2019.08.09"]
[Round "6"]
[White "Tomczak, Jacek"]
[Black "Galperin, Platon"]
[Result "1-0"]
[Board "4"]
[WhiteElo "2628"]
[WhiteTitle "GM"]
[WhiteCountry "POL"]
[WhiteFideId "1124668"]
[WhiteEloChange "3"]
[BlackElo "2459"]
[BlackCountry "UKR"]
[BlackFideId "14165414"]
[BlackEloChange "-3"]

1. e4 {[%clk 1:30:30]} e5 {[%clk 1:30:23]} 2. Nc3 {[%clk 1:31:11]} Nf6 {[%clk
1:30:48]} 3. g3 {[%clk 1:15:20]} c6 {[%clk 1:30:26]} 4. d4 {[%clk 0:56:32]} Bb4
{[%clk 1:30:26]} 5. dxe5 {[%clk 0:55:07]} Nxe4 {[%clk 1:30:16]} 6. Qd4 {[%clk
0:54:49]} Qa5 {[%clk 1:30:34]} 7. Ne2 {[%clk 0:54:56]} f5 {[%clk 1:30:49]} 8. Be3
{[%clk 0:44:29]} b6 {[%clk 1:17:29]} 9. O-O-O {[%clk 0:36:10]} Bc5 {[%clk
1:17:11]} 10. Nxe4 {[%clk 0:35:17]} Bxd4 {[%clk 1:17:10]} 11. Nd6+ {[%clk
0:35:42]} Kf8 {[%clk 1:09:31]} 12. Nxd4 {[%clk 0:35:16]} Ba6 {[%clk 1:06:46]} 13.
Bg2 {[%clk 0:34:49]} Qxa2 {[%clk 1:02:55]} 14. Nb3 {[%clk 0:21:43]} Be2 {[%clk
1:03:22]} 15. Rde1 {[%clk 0:21:57]} Bh5 {[%clk 1:03:02]} 16. Kd2 {[%clk 0:15:55]}
Qa4 {[%clk 1:00:14]} 17. Ra1 {[%clk 0:13:12]} Qb4+ {[%clk 0:59:01]} 18. Kc1
{[%clk 0:13:29]} a5 {[%clk 0:48:08]} 19. f4 {[%clk 0:05:24]} a4 {[%clk 0:48:07]}
20. Bd2 {[%clk 0:05:48]} axb3 {[%clk 0:48:28]} 21. Rxa8 {[%clk 0:06:12]} Qc5
{[%clk 0:48:48]} 22. c4 {[%clk 0:01:57]} Ke7 {[%clk 0:29:47]} 23. Nxf5+ {[%clk
0:02:23]} Kf7 {[%clk 0:30:06]} 24. Nd6+ {[%clk 0:02:47]} Ke7 {[%clk 0:30:34]} 25.
Nf5+ {[%clk 0:01:39]} Kf7 {[%clk 0:31:02]} 26. Nd6+ {[%clk 0:00:53]} Ke7 {[%clk
0:31:07]} 27. f5 {[%clk 0:00:36]} h6 {[%clk 0:30:03]} 28. Re1 {[%clk 0:01:01]}
Rd8 {[%clk 0:27:24]} 29. Be3 {[%clk 0:01:27]} Qb4 {[%clk 0:27:02]} 30. Bd2 {[%clk
0:01:54]} Qc5 {[%clk 0:27:32]} 31. Bf1 {[%clk 0:00:36]} Qf2 {[%clk 0:26:43]} 32.
Bd3 {[%clk 0:00:53]} Kf8 {[%clk 0:26:40]} 33. f6 {[%clk 0:01:07]} gxf6 {[%clk
0:23:07]} 34. Ne4 {[%clk 0:00:54]} Qf3 {[%clk 0:22:38]} 35. Bxh6+ {[%clk
0:00:56]} Kf7 {[%clk 0:23:06]} 36. Kd2 {[%clk 0:01:08]} Qg2+ {[%clk 0:05:59]} 37.
Kc3 {[%clk 0:01:36]} Qxh2 {[%clk 0:01:10]} 38. Rf1 {[%clk 0:01:48]} Kg8 {[%clk
0:00:33]} 39. Nxf6+ {[%clk 0:01:59]} Kh8 {[%clk 0:01:01]} 40. Raa1 {[%clk
0:32:01]} d5 {[%clk 0:30:31]} 41. Ra7 {[%clk 0:25:08]} 1-0

[Event "Irena Warakomska Memorial 2019"]
[Site "Suwalki"]
[Date "2019.08.09"]
[Round "6"]
[White "Skawinski, Arkadiusz"]
[Black "Iturrizaga Bonelli, Eduardo"]
[Result "0-1"]
[Board "12"]
[WhiteElo "2398"]
[WhiteTitle "FM"]
[WhiteCountry "POL"]
[WhiteFideId "1126415"]
[WhiteEloChange "-4"]
[BlackElo "2635"]
[BlackTitle "GM"]
[BlackCountry "VEN"]
[BlackFideId "3901211"]
[BlackEloChange "2"]

1. e4 {[%clk 1:30:48]} c5 {[%clk 1:30:43]} 2. Nf3 {[%clk 1:31:12]} e6 {[%clk
1:30:36]} 3. b3 {[%clk 1:30:28]} b6 {[%clk 1:30:24]} 4. Bd3 {[%clk 1:30:52]} Bb7
{[%clk 1:30:38]} 5. O-O {[%clk 1:31:11]} Nc6 {[%clk 1:30:56]} 6. Re1 {[%clk
1:31:24]} Be7 {[%clk 1:31:08]} 7. Bb2 {[%clk 1:31:49]} Nf6 {[%clk 1:31:34]} 8. e5
{[%clk 1:32:07]} Nh5 {[%clk 1:31:57]} 9. Bf1 {[%clk 1:32:26]} O-O {[%clk
1:30:53]} 10. g3 {[%clk 1:31:46]} Qe8 {[%clk 1:31:18]} 11. Bg2 {[%clk 1:30:12]}
f5 {[%clk 1:31:44]} 12. exf6 {[%clk 1:28:14]} Bxf6 {[%clk 1:32:10]} 13. Bxf6
{[%clk 1:25:03]} Nxf6 {[%clk 1:32:35]} 14. Nc3 {[%clk 1:11:38]} Ne7 {[%clk
1:02:44]} 15. d4 {[%clk 0:53:34]} Nf5 {[%clk 1:02:09]} 16. dxc5 {[%clk 0:53:04]}
bxc5 {[%clk 1:02:31]} 17. Qd3 {[%clk 0:46:34]} Rc8 {[%clk 0:56:47]} 18. Rad1
{[%clk 0:41:20]} Qh5 {[%clk 0:56:30]} 19. Ne2 {[%clk 0:34:05]} g5 {[%clk
0:43:50]} 20. h3 {[%clk 0:26:12]} Be4 {[%clk 0:40:25]} 21. Qc3 {[%clk 0:26:31]}
d5 {[%clk 0:39:45]} 22. g4 {[%clk 0:07:34]} Nxg4 {[%clk 0:40:05]} 23. hxg4 {[%clk
0:07:58]} Qxg4 {[%clk 0:40:32]} 24. Rd3 {[%clk 0:01:43]} d4 {[%clk 0:37:37]} 25.
Qd2 {[%clk 0:01:42]} Ne3 {[%clk 0:37:13]} 26. fxe3 {[%clk 0:01:37]} Rxf3 {[%clk
0:37:37]} 27. Nxd4 {[%clk 0:01:47]} Rg3 {[%clk 0:36:12]} 28. Nf3 {[%clk 0:01:58]}
Qxf3 {[%clk 0:35:06]} 0-1

[Event "Irena Warakomska Memorial 2019"]
[Site "Suwalki"]
[Date "2019.08.09"]
[Round "6"]
[White "Bukojemski, Adam"]
[Black "Karavade, Eesha"]
[Result "0-1"]
[Board "21"]
[WhiteElo "2225"]
[WhiteCountry "POL"]
[WhiteFideId "1114620"]
[WhiteEloChange "-6"]
[BlackElo "2355"]
[BlackTitle "IM"]
[BlackCountry "IND"]
[BlackFideId "5012600"]
[BlackEloChange "6"]

1. e4 {[%clk 1:30:50]} c5 {[%clk 1:30:49]} 2. Nf3 {[%clk 1:31:10]} e6 {[%clk
1:31:11]} 3. d4 {[%clk 1:31:27]} cxd4 {[%clk 1:31:34]} 4. Nxd4 {[%clk 1:31:52]}
Nc6 {[%clk 1:31:56]} 5. Nc3 {[%clk 1:32:07]} Qc7 {[%clk 1:32:18]} 6. Be3 {[%clk
1:31:49]} Nf6 {[%clk 1:32:39]} 7. Be2 {[%clk 1:28:40]} a6 {[%clk 1:30:48]} 8. f4
{[%clk 1:24:26]} d6 {[%clk 1:28:10]} 9. O-O {[%clk 1:22:36]} Be7 {[%clk 1:28:33]}
10. Kh1 {[%clk 1:07:54]} O-O {[%clk 1:28:54]} 11. Qe1 {[%clk 1:05:51]} Bd7 {[%clk
1:26:27]} 12. Qg3 {[%clk 1:03:25]} Nxd4 {[%clk 1:26:54]} 13. Bxd4 {[%clk
1:03:50]} Bc6 {[%clk 1:27:18]} 14. Bd3 {[%clk 1:03:35]} g6 {[%clk 1:25:16]} 15.
f5 {[%clk 0:56:53]} e5 {[%clk 1:23:24]} 16. Be3 {[%clk 0:56:20]} b5 {[%clk
1:23:46]} 17. Bh6 {[%clk 0:55:49]} Rfe8 {[%clk 1:23:53]} 18. Rf2 {[%clk 0:48:29]}
b4 {[%clk 1:22:57]} 19. Nd5 {[%clk 0:48:09]} Bxd5 {[%clk 1:22:44]} 20. exd5
{[%clk 0:47:38]} e4 {[%clk 1:22:55]} 21. Bf1 {[%clk 0:46:25]} Qc5 {[%clk
1:06:25]} 22. Rd1 {[%clk 0:44:19]} Ng4 {[%clk 1:00:23]} 23. Qxg4 {[%clk 0:42:07]}
Qxf2 {[%clk 1:00:43]} 24. fxg6 {[%clk 0:40:33]} hxg6 {[%clk 1:01:03]} 25. Be2
{[%clk 0:40:50]} Qh4 {[%clk 0:53:00]} 0-1

[Event "Irena Warakomska Memorial 2019"]
[Site "Suwalki"]
[Date "2019.08.09"]
[Round "6"]
[White "Punin, Andrii"]
[Black "Jaroch, Karol"]
[Result "1/2-1/2"]
[Board "22"]
[WhiteElo "2342"]
[WhiteTitle "FM"]
[WhiteCountry "UKR"]
[WhiteFideId "14112639"]
[WhiteEloChange "-3"]
[BlackElo "2231"]
[BlackCountry "POL"]
[BlackFideId "1130609"]
[BlackEloChange "3"]

1. e4 {[%clk 1:30:57]} e6 {[%clk 1:30:58]} 2. d4 {[%clk 1:31:20]} d5 {[%clk
1:31:26]} 3. Nc3 {[%clk 1:31:43]} Bb4 {[%clk 1:31:27]} 4. Ne2 {[%clk 1:32:04]}
Nf6 {[%clk 1:31:32]} 5. e5 {[%clk 1:32:27]} Nfd7 {[%clk 1:31:56]} 6. Qd3 {[%clk
1:32:46]} Be7 {[%clk 1:06:31]} 7. Qg3 {[%clk 1:32:00]} g6 {[%clk 1:06:50]} 8. h4
{[%clk 1:31:21]} c5 {[%clk 1:04:44]} 9. h5 {[%clk 1:24:48]} g5 {[%clk 1:04:09]}
10. Be3 {[%clk 1:18:13]} Nc6 {[%clk 1:03:07]} 11. O-O-O {[%clk 1:15:30]} Qa5
{[%clk 0:55:54]} 12. dxc5 {[%clk 1:10:42]} Ncxe5 {[%clk 0:31:28]} 13. Nd4 {[%clk
1:09:50]} a6 {[%clk 0:27:57]} 14. h6 {[%clk 0:59:40]} Bxc5 {[%clk 0:21:50]} 15.
Qxg5 {[%clk 0:57:34]} Be7 {[%clk 0:22:06]} 16. Qh5 {[%clk 0:55:31]} Ng6 {[%clk
0:20:45]} 17. f4 {[%clk 0:54:36]} Nf6 {[%clk 0:20:44]} 18. Qf3 {[%clk 0:53:31]}
Bd7 {[%clk 0:19:53]} 19. g4 {[%clk 0:46:46]} Rc8 {[%clk 0:16:17]} 20. Nb3 {[%clk
0:42:45]} Qc7 {[%clk 0:16:38]} 21. Bd3 {[%clk 0:38:12]} e5 {[%clk 0:05:14]} 22.
fxe5 {[%clk 0:35:55]} Nxe5 {[%clk 0:05:21]} 23. Qg2 {[%clk 0:32:53]} Bxg4 {[%clk
0:05:16]} 24. Be2 {[%clk 0:30:20]} Rg8 {[%clk 0:05:18]} 25. Qf1 {[%clk 0:28:46]}
Ne4 {[%clk 0:05:29]} 26. Bxg4 {[%clk 0:26:29]} Rxg4 {[%clk 0:04:56]} 27. Bd4
{[%clk 0:25:03]} Ng3 {[%clk 0:03:35]} 28. Qh3 {[%clk 0:25:20]} Ne2+ {[%clk
0:02:03]} 29. Kb1 {[%clk 0:25:43]} Nxd4 {[%clk 0:02:17]} 30. Rxd4 {[%clk
0:25:01]} Rxd4 {[%clk 0:02:01]} 31. Nxd4 {[%clk 0:25:25]} Qd7 {[%clk 0:01:42]}
32. Nf5 {[%clk 0:19:46]} Kf8 {[%clk 0:00:50]} 33. Rg1 {[%clk 0:15:40]} Bf6 {[%clk
0:00:37]} 34. Qf1 {[%clk 0:10:25]} Rxc3 {[%clk 0:00:35]} 35. bxc3 {[%clk
0:08:27]} Nc4 {[%clk 0:01:04]} 36. Qf4 {[%clk 0:05:43]} Qb5+ {[%clk 0:01:01]} 37.
Kc1 {[%clk 0:06:09]} Qb2+ {[%clk 0:01:26]} 38. Kd1 {[%clk 0:06:35]} Qb1+ {[%clk
0:01:08]} 39. Ke2 {[%clk 0:03:50]} Qxc2+ {[%clk 0:01:32]} 40. Kf3 {[%clk
0:32:52]} Qxc3+ {[%clk 0:30:35]} 41. Kg2 {[%clk 0:30:11]} Be5 {[%clk 0:27:50]}
42. Qh4 {[%clk 0:26:51]} Qc2+ {[%clk 0:24:25]} 43. Kh1 {[%clk 0:26:49]} Qe4+
{[%clk 0:22:23]} 44. Qxe4 {[%clk 0:27:14]} dxe4 {[%clk 0:22:50]} 45. Rd1 {[%clk
0:25:19]} Ke8 {[%clk 0:19:44]} 46. Kg2 {[%clk 0:25:32]} b5 {[%clk 0:16:06]} 47.
Kh3 {[%clk 0:24:59]} b4 {[%clk 0:15:16]} 48. Re1 {[%clk 0:22:44]} Nd2 {[%clk
0:14:46]} 49. Re2 {[%clk 0:22:55]} Bc3 {[%clk 0:12:27]} 50. Nd6+ {[%clk 0:21:39]}
Kd7 {[%clk 0:11:01]} 51. Nxe4 {[%clk 0:22:03]} Nxe4 {[%clk 0:11:27]} 52. Rxe4
{[%clk 0:22:27]} a5 {[%clk 0:11:48]} 53. Kg4 {[%clk 0:18:26]} a4 {[%clk 0:11:57]}
54. Rf4 {[%clk 0:17:26]} Ke6 {[%clk 0:12:09]} 55. a3 {[%clk 0:10:30]} f6 {[%clk
0:08:10]} 56. Rc4 {[%clk 0:09:04]} Kd5 {[%clk 0:08:31]} 57. Rc7 {[%clk 0:08:02]}
b3 {[%clk 0:04:35]} 58. Rxc3 {[%clk 0:07:58]} b2 {[%clk 0:04:56]} 59. Rd3+ {[%clk
0:08:25]} Kc4 {[%clk 0:05:21]} 60. Rd1 {[%clk 0:08:52]} Kb3 {[%clk 0:04:10]}
1/2-1/2

[Event "Irena Warakomska Memorial 2019"]
[Site "Suwalki"]
[Date "2019.08.09"]
[Round "6"]
[White "Wiewiora, Eneasz"]
[Black "Sharankov, Grigory"]
[Result "0-1"]
[Board "25"]
[WhiteElo "2331"]
[WhiteTitle "FM"]
[WhiteCountry "POL"]
[WhiteFideId "1140396"]
[WhiteEloChange "-13"]
[BlackElo "2225"]
[BlackCountry "RUS"]
[BlackFideId "4168356"]
[BlackEloChange "13"]

1. e4 {[%clk 1:30:57]} e6 {[%clk 1:30:52]} 2. d4 {[%clk 1:31:25]} d5 {[%clk
1:31:17]} 3. Bd3 {[%clk 1:31:51]} c5 {[%clk 1:31:22]} 4. exd5 {[%clk 1:32:17]}
exd5 {[%clk 1:31:46]} 5. Nf3 {[%clk 1:32:42]} c4 {[%clk 1:31:42]} 6. Be2 {[%clk
1:33:08]} Bd6 {[%clk 1:31:43]} 7. O-O {[%clk 1:33:33]} Ne7 {[%clk 1:32:09]} 8. b3
{[%clk 1:33:45]} cxb3 {[%clk 1:32:36]} 9. axb3 {[%clk 1:34:12]} Nbc6 {[%clk
1:32:05]} 10. Re1 {[%clk 1:34:13]} O-O {[%clk 1:32:07]} 11. c3 {[%clk 1:31:03]}
h6 {[%clk 1:29:10]} 12. Nbd2 {[%clk 1:29:15]} Be6 {[%clk 1:28:19]} 13. Nf1 {[%clk
1:28:56]} Rc8 {[%clk 1:23:40]} 14. Ng3 {[%clk 1:25:47]} Nf5 {[%clk 1:17:12]} 15.
Nh5 {[%clk 1:15:23]} a6 {[%clk 1:10:28]} 16. Bd2 {[%clk 1:03:05]} g6 {[%clk
0:58:53]} 17. Nf4 {[%clk 0:47:50]} Qf6 {[%clk 0:58:37]} 18. Nd3 {[%clk 0:47:58]}
Rfe8 {[%clk 0:52:33]} 19. Nfe5 {[%clk 0:39:13]} Qg7 {[%clk 0:30:53]} 20. Nxc6
{[%clk 0:26:58]} Rxc6 {[%clk 0:31:04]} 21. Bf3 {[%clk 0:27:19]} Rcc8 {[%clk
0:29:48]} 22. g3 {[%clk 0:27:43]} h5 {[%clk 0:28:09]} 23. b4 {[%clk 0:21:44]} Qf6
{[%clk 0:25:45]} 24. Bg2 {[%clk 0:18:18]} Ng7 {[%clk 0:19:42]} 25. Qb3 {[%clk
0:12:50]} Qf5 {[%clk 0:14:54]} 26. Nc5 {[%clk 0:11:58]} Rc7 {[%clk 0:11:35]} 27.
Re3 {[%clk 0:11:12]} h4 {[%clk 0:11:25]} 28. Rae1 {[%clk 0:10:30]} Rce7 {[%clk
0:09:59]} 29. Re5 {[%clk 0:05:57]} Bc8 {[%clk 0:05:02]} 30. Rxe7 {[%clk 0:04:30]}
Rxe7 {[%clk 0:05:31]} 31. Qxd5 {[%clk 0:03:13]} Rxe1+ {[%clk 0:05:04]} 32. Bxe1
{[%clk 0:03:41]} Qb1 {[%clk 0:05:08]} 33. Qe4 {[%clk 0:03:27]} Qa1 {[%clk
0:04:41]} 34. Qe2 {[%clk 0:02:32]} b6 {[%clk 0:01:13]} 35. Ne4 {[%clk 0:02:38]}
Be7 {[%clk 0:01:43]} 36. d5 {[%clk 0:02:08]} a5 {[%clk 0:01:47]} 37. d6 {[%clk
0:02:07]} Bd8 {[%clk 0:02:10]} 38. bxa5 {[%clk 0:02:25]} bxa5 {[%clk 0:02:34]}
39. Bf1 {[%clk 0:01:01]} Ne6 {[%clk 0:01:37]} 40. Qd2 {[%clk 0:30:32]} Bb7 {[%clk
0:30:56]} 41. f3 {[%clk 0:21:31]} Bxe4 {[%clk 0:14:04]} 42. fxe4 {[%clk 0:21:48]}
Ng5 {[%clk 0:14:24]} 43. Bg2 {[%clk 0:12:32]} h3 {[%clk 0:14:09]} 44. Bh1 {[%clk
0:12:57]} a4 {[%clk 0:14:00]} 45. e5 {[%clk 0:13:23]} Qb1 {[%clk 0:09:50]} 46. g4
{[%clk 0:07:49]} a3 {[%clk 0:04:32]} 47. Bd5 {[%clk 0:08:17]} Nf3+ {[%clk
0:03:31]} 48. Bxf3 {[%clk 0:08:19]} a2 {[%clk 0:04:01]} 49. e6 {[%clk 0:05:39]}
a1Q {[%clk 0:02:56]} 50. exf7+ {[%clk 0:05:28]} Kxf7 {[%clk 0:03:00]} 51. Bd5+
{[%clk 0:05:40]} Kg7 {[%clk 0:03:24]} 52. Kf1 {[%clk 0:06:06]} Bh4 {[%clk
0:02:46]} 53. Qd4+ {[%clk 0:06:21]} Bf6 {[%clk 0:03:15]} 54. Qe3 {[%clk 0:05:47]}
Qxc3 {[%clk 0:02:28]} 0-1

[Event "Irena Warakomska Memorial 2019"]
[Site "Suwalki"]
[Date "2019.08.09"]
[Round "6"]
[White "Szadkowski, Kamil"]
[Black "Lis, Mateusz"]
[Result "1-0"]
[Board "35"]
[WhiteElo "2245"]
[WhiteTitle "FM"]
[WhiteCountry "POL"]
[WhiteFideId "1123203"]
[WhiteEloChange "6"]
[BlackElo "2079"]
[BlackCountry "POL"]
[BlackFideId "1184733"]
[BlackEloChange "-6"]

1. e4 {[%clk 1:30:57]} c5 {[%clk 1:30:55]} 2. Nf3 {[%clk 1:31:22]} e6 {[%clk
1:31:22]} 3. d4 {[%clk 1:31:39]} cxd4 {[%clk 1:31:47]} 4. Nxd4 {[%clk 1:32:06]}
Nc6 {[%clk 1:32:12]} 5. Nc3 {[%clk 1:31:14]} Qc7 {[%clk 1:32:32]} 6. Be3 {[%clk
1:29:52]} a6 {[%clk 1:32:52]} 7. Qd2 {[%clk 1:28:27]} Nf6 {[%clk 1:33:15]} 8. f3
{[%clk 1:26:06]} Ne5 {[%clk 1:26:58]} 9. O-O-O {[%clk 1:21:05]} Bb4 {[%clk
1:23:39]} 10. Nb3 {[%clk 1:20:59]} b5 {[%clk 1:23:33]} 11. Qe1 {[%clk 1:21:09]}
Rb8 {[%clk 1:23:40]} 12. a3 {[%clk 1:01:38]} Be7 {[%clk 1:13:24]} 13. f4 {[%clk
1:00:33]} Nc4 {[%clk 1:11:47]} 14. e5 {[%clk 1:00:27]} Ng4 {[%clk 1:09:12]} 15.
Bd4 {[%clk 0:59:56]} Nh6 {[%clk 1:08:13]} 16. Bd3 {[%clk 0:59:04]} a5 {[%clk
0:51:49]} 17. Nxb5 {[%clk 0:36:35]} Rxb5 {[%clk 0:49:36]} 18. Qc3 {[%clk
0:36:34]} Qb8 {[%clk 0:29:45]} 19. Bxc4 {[%clk 0:30:29]} Rb7 {[%clk 0:29:45]} 20.
Nxa5 {[%clk 0:30:29]} Rc7 {[%clk 0:29:27]} 21. Qb3 {[%clk 0:29:50]} Qa8 {[%clk
0:12:47]} 22. Bb6 {[%clk 0:27:14]} Rc5 {[%clk 0:13:09]} 23. Bxc5 {[%clk 0:27:03]}
Bxc5 {[%clk 0:13:35]} 24. Qc3 {[%clk 0:26:40]} Nf5 {[%clk 0:12:44]} 25. Bd3
{[%clk 0:22:07]} Be3+ {[%clk 0:10:40]} 26. Kb1 {[%clk 0:22:27]} Ne7 {[%clk
0:08:45]} 27. Nc4 {[%clk 0:14:40]} Nd5 {[%clk 0:08:27]} 28. Nd6+ {[%clk 0:14:22]}
Ke7 {[%clk 0:08:51]} 29. Qb3 {[%clk 0:14:09]} Bxf4 {[%clk 0:08:14]} 30. Be4
{[%clk 0:10:23]} Bxe5 {[%clk 0:07:38]} 31. Bxd5 {[%clk 0:10:37]} exd5 {[%clk
0:08:03]} 32. Rxd5 {[%clk 0:10:38]} f6 {[%clk 0:08:23]} 33. Rhd1 {[%clk 0:10:43]}
Rd8 {[%clk 0:07:43]} 34. Rxe5+ {[%clk 0:11:03]} 1-0

[Event "Irena Warakomska Memorial 2019"]
[Site "Suwalki"]
[Date "2019.08.09"]
[Round "6"]
[White "Zaika, Daniil"]
[Black "Mulet, Piotr"]
[Result "1-0"]
[Board "37"]
[WhiteElo "2216"]
[WhiteCountry "RUS"]
[WhiteFideId "44131186"]
[WhiteEloChange "11"]
[BlackElo "2244"]
[BlackTitle "FM"]
[BlackCountry "POL"]
[BlackFideId "1106244"]
[BlackEloChange "-11"]

1. d4 {[%clk 1:30:51]} Nf6 {[%clk 1:29:59]} 2. c4 {[%clk 1:31:09]} g6 {[%clk
1:30:24]} 3. g3 {[%clk 1:31:30]} Bg7 {[%clk 1:30:21]} 4. Bg2 {[%clk 1:31:53]} d5
{[%clk 1:30:44]} 5. cxd5 {[%clk 1:32:14]} Nxd5 {[%clk 1:31:06]} 6. Nf3 {[%clk
1:32:36]} O-O {[%clk 1:30:58]} 7. O-O {[%clk 1:32:34]} c5 {[%clk 1:30:40]} 8. e4
{[%clk 1:19:24]} Nf6 {[%clk 1:29:44]} 9. e5 {[%clk 1:05:43]} Nd5 {[%clk 1:29:07]}
10. Nc3 {[%clk 1:03:40]} cxd4 {[%clk 1:23:24]} 11. Qxd4 {[%clk 1:02:13]} Nxc3
{[%clk 1:23:18]} 12. Qxc3 {[%clk 1:02:38]} Nc6 {[%clk 1:23:39]} 13. Bf4 {[%clk
0:55:12]} Qb6 {[%clk 1:22:23]} 14. Be3 {[%clk 0:47:29]} Qa6 {[%clk 1:17:41]} 15.
Rfe1 {[%clk 0:43:37]} Bg4 {[%clk 1:15:54]} 16. Bc5 {[%clk 0:39:07]} Rac8 {[%clk
1:06:23]} 17. Qa3 {[%clk 0:33:56]} Qxa3 {[%clk 1:04:15]} 18. Bxa3 {[%clk
0:34:19]} b5 {[%clk 0:59:56]} 19. b3 {[%clk 0:21:09]} Rfd8 {[%clk 0:31:23]} 20.
Ng5 {[%clk 0:17:38]} b4 {[%clk 0:27:51]} 21. Bxc6 {[%clk 0:16:23]} bxa3 {[%clk
0:28:09]} 22. Bf3 {[%clk 0:16:47]} Bxf3 {[%clk 0:26:41]} 23. Nxf3 {[%clk
0:17:14]} Rd3 {[%clk 0:24:54]} 24. Kg2 {[%clk 0:16:03]} Rcc3 {[%clk 0:21:13]} 25.
Ng5 {[%clk 0:13:43]} Rc2 {[%clk 0:20:19]} 26. Rec1 {[%clk 0:02:06]} Rdd2 {[%clk
0:17:54]} 27. Rxc2 {[%clk 0:02:33]} Rxc2 {[%clk 0:18:18]} 28. Rd1 {[%clk
0:03:02]} Bxe5 {[%clk 0:18:08]} 29. Nf3 {[%clk 0:03:30]} Bc3 {[%clk 0:17:33]} 30.
Rd8+ {[%clk 0:03:44]} Kg7 {[%clk 0:17:47]} 31. Rc8 {[%clk 0:03:50]} Rc1 {[%clk
0:16:06]} 32. Nd4 {[%clk 0:02:35]} Bb2 {[%clk 0:16:07]} 33. Rxc1 {[%clk 0:02:59]}
Bxc1 {[%clk 0:16:32]} 34. Nc6 {[%clk 0:03:19]} Kf6 {[%clk 0:16:37]} 35. Kf3
{[%clk 0:03:28]} a6 {[%clk 0:14:54]} 36. Ke2 {[%clk 0:03:39]} Bb2 {[%clk
0:12:11]} 37. Kd3 {[%clk 0:03:33]} h5 {[%clk 0:12:29]} 38. Nb4 {[%clk 0:01:41]}
Kg5 {[%clk 0:11:16]} 39. f3 {[%clk 0:01:29]} h4 {[%clk 0:11:00]} 40. Nxa6 {[%clk
0:31:33]} h3 {[%clk 0:41:15]} 41. b4 {[%clk 0:31:37]} Kf5 {[%clk 0:40:42]} 42. b5
{[%clk 0:27:08]} Be5 {[%clk 0:41:08]} 43. f4 {[%clk 0:19:20]} Bd6 {[%clk
0:41:35]} 44. b6 {[%clk 0:19:31]} e5 {[%clk 0:33:29]} 45. fxe5 {[%clk 0:16:33]}
Bxe5 {[%clk 0:33:52]} 46. b7 {[%clk 0:16:59]} Bxg3 {[%clk 0:34:08]} 47. hxg3
{[%clk 0:17:19]} h2 {[%clk 0:34:32]} 48. b8Q {[%clk 0:17:37]} h1Q {[%clk
0:34:56]} 49. Qf4+ {[%clk 0:17:41]} Ke6 {[%clk 0:35:14]} 50. Qe4+ {[%clk
0:18:06]} Qxe4+ {[%clk 0:35:02]} 51. Kxe4 {[%clk 0:18:32]} f5+ {[%clk 0:35:10]}
52. Kf4 {[%clk 0:18:04]} Kf6 {[%clk 0:35:32]} 53. Nb4 {[%clk 0:16:41]} g5+ {[%clk
0:35:56]} 54. Kf3 {[%clk 0:17:03]} Ke5 {[%clk 0:36:23]} 55. Nc2 {[%clk 0:17:14]}
f4 {[%clk 0:35:35]} 56. g4 {[%clk 0:17:30]} 1-0